Webová aplikácia na zobrazovanie trás

Salvato in:
Dettagli Bibliografici
Autore principale: Krajčí, Peter (Autore)
Altri autori: Marček, Stanislav (Relatore della tesi)
Natura: Manoscritto Libro
Lingua:slovacco
Pubblicazione: Bratislava : STU v Bratislave FEI, 2024
Soggetti:
Accesso online:https://opac.crzp.sk/?fn=detailBiblioFormChildQSDV6&sid=CC8450CBF10FC669817FFFC1506C&seo=CRZP-detail-kniha
Tags: Aggiungi Tag
Nessun Tag, puoi essere il primo ad aggiungerne!!

MARC

LEADER 00000ntm a22000003a 4500
001 stuzp96395
003 SK-STU
005 20250502123015.4
007 ta
008 150427s2015----xo-----f-mn---000-0-slo-d
040 |a STU  |b slo 
041 0 |a slo 
044 |a xo 
100 1 |a Krajčí, Peter  |u 035000  |4 aut  |U FEI Fakulta elektrotechniky a informatiky  |T FEI Ústav informatiky a matematiky  |X 97841  |U E050  |Y 816  |7 97841 
242 0 1 |a Tracepoint webapplication  |y eng 
245 1 0 |a Webová aplikácia na zobrazovanie trás 
260 |a Bratislava :  |b STU v Bratislave FEI,  |c 2024 
300 |a 69 s. 
650 4 |a Webová aplikácia  |2 slo 
650 4 |a zobrazovanie  |2 slo 
650 4 |a Python  |2 slo 
650 4 |a React  |2 slo 
650 4 |a Leaflet  |2 slo 
650 4 |a GPS  |2 slo 
650 4 |a Web application  |2 eng 
650 4 |a visualization  |2 eng 
650 4 |a Python  |2 eng 
650 4 |a React  |2 eng 
650 4 |a Leaflet  |2 eng 
650 4 |a GPS  |2 eng 
700 1 |a Marček, Stanislav  |u 035000  |k Z1  |4 ths  |U FEI Fakulta elektrotechniky a informatiky  |T FEI Ústav informatiky a matematiky  |X 27068  |U E050  |Y 816  |7 A000027068 
856 4 |u https://opac.crzp.sk/?fn=detailBiblioFormChildQSDV6&sid=CC8450CBF10FC669817FFFC1506C&seo=CRZP-detail-kniha